00000000nam 2200000zi 4500
0019.947433
003CaOODSP
00520250128105959
006m     o  d f      
007cr |n|||||||||
008250128s1981    oncdb   ob   f000 0 eng d
040 |aCaOODSP|beng|erda|cCaOODSP
043 |ae-be---
0861 |aEn57-64/81-30E-PDF
1001 |aHoff, R. M., |eauthor.
24510|aAES participation in the 5th remote sensing campaign of the Commission of the European Communities, Gent, Belgium, 12-26 June 1981 / |cby R.M. Hoff and A.J. Gallant.
2463 |aAES participation in the fifth remote sensing campaign of the Commission of the European Communities, Gent, Belgium, 12-26 June 1981
264 1|aDownsview, Ontario : |bAir Quality Assessment Section, Air Quality and Inter-Environmental Research Branch, Atmospheric Environment Service, |c[1981]
300 |a1 online resource (19 pages, 110 unnumbered pages) : |bcharts, maps.
336 |atext|btxt|2rdacontent
337 |acomputer|bc|2rdamedia
338 |aonline resource|bcr|2rdacarrier
4901 |aAQRB report ;|v[81]-030/T
500 |aDigitized edition from print [produced by Environment and Climate Change Canada].
504 |aIncludes bibliographical references (page 19).
5203 |a"This report comprises a submission of data obtained by the Atmospheric Environment Service during the 5th Remote Sensing Campaign of the Commission of the European Communities in Gent, Belgium from the 12th to 26th of June 1981. This report details AES participation in the project and provides results on sulphur dioxide mass flux estimates obtained by the Barringer Correlation Spectrometer (COSPEC), ground total sulphur measurements obtained by a Meloy flame photometric detector and more general information on the dispersion of point and extended source plumes in and around Gent, Belgium"--Abstract.
61010|aCanada. |bAir Quality Research Branch.
650 0|aSulfur dioxide|zBelgium|zGhent|xRemote sensing|xExperiments.
650 0|aSulfur dioxide|zBelgium|zGhent|xMeasurement.
650 0|aAir|xPollution|zBelgium|zGhent|xRemote sensing|xExperiments.
650 6|aAnhydride sulfureux|zBelgique|zGand|xTélédétection|xExpériences.
650 6|aAnhydride sulfureux|zBelgique|zGand|xMesure.
650 6|aAir|xPollution|zBelgique|zGand|xTélédétection|xExpériences.
7101 |aCanada. |bAir Quality and Inter-Environmental Research Branch, |eissuing body.
830#0|aReport (Canada. Air Quality and Inter-Environmental Research Branch)|v[81]-030/T.|w(CaOODSP)9.941851
85640|qPDF|s2419 KB|uhttps://publications.gc.ca/collections/collection_2025/eccc/en57/En57-64-81-30-eng.pdf